MLB Baseball Best Player 2022 - Statistics

General Stats
  • This quiz has been taken 105 times
  • The average score is 11 of 30
Answer Stats
Team Answer WAR % Correct
New York Yankees Aaron Judge 10.6
85%
Los Angeles Angels Shohei Ohtani 9.6
72%
Los Angeles Dodgers Mookie Betts 6.4
60%
San Diego Padres Manny Machado 6.8
57%
Atlanta Austin Riley 6.5
56%
St. Louis Cardinals Nolan Arenado 7.9
52%
Houston Astros Yordan Alvarez 6.8
52%
Seattle Mariners Julio Rodríguez 6.0
48%
Miami Marlins Sandy Alcantara 8.1
48%
Arizona Diamondbacks Zac Gallen | Christian Walker 5.1
47%
Boston Red Sox Xander Bogaerts 5.7
39%
Baltimore Orioles Adley Rutschman 5.2
36%
Washington Nationals Juan Soto 3.8
36%
Chicago White Sox Dylan Cease 6.4
33%
New York Mets Jeff McNeil 5.7
33%
Philadelphia Phillies J.T. Realmuto 6.5
32%
Texas Rangers Marcus Semien 5.7
32%
Minnesota Twins Carlos Correa 5.4
29%
Detroit Tigers Javier Báez 2.6
29%
Cincinnati Reds Luis Castillo | Alexis Díaz 3.1
28%
Milwaukee Brewers Willy Adames 4.4
27%
Cleveland Guardians Andrés Giménez 7.2
24%
Oakland Athletics Sean Murphy 3.5
24%
Toronto Blue Jays Alek Manoah 5.9
23%
Pittsburgh Pirates Ke'Bryan Hayes 4.3
21%
San Francisco Giants Carlos Rodón 5.4
19%
Chicago Cubs Nico Hoerner 4.5
17%
Tampa Bay Rays Shane McClanahan 4.0
15%
Kansas City Royals Brady Singer 4.5
11%
Colorado Rockies Brendan Rodgers 4.4
9%
No matching quizzes found
Score Distribution
Percent of People with Each Score
Percentile by Number Answered
Your Score History
You have not taken this quiz